书目信息 |
| 题名: |
劳动教育理论与实践教程
|
|
| 作者: | 刘培胜 , 张世荃 , 张志祥 主编 | |
| 分册: | ||
| 出版信息: | 哈尔滨 哈尔滨工程大学出版社 2020.08 |
|
| 页数: | 188页 | |
| 开本: | 26cm | |
| 丛书名: | ||
| 单 册: | ||
| 中图分类: | G40-015 | |
| 科图分类: | ||
| 主题词: | 劳动教育--职业大学--教材 | |
| 电子资源: | ||
| ISBN: | 978-7-5661-2710-5 | |
| 000 | 01021nam0 2200265 450 | |
| 001 | 0102100435 | |
| 005 | 20210402100823.0 | |
| 010 | @a978-7-5661-2710-5@dCNY38.00 | |
| 100 | @a20201225d2020 em y0chiy50 ea | |
| 101 | 0 | @achi |
| 102 | @aCN@b230000 | |
| 105 | @aa z 000yy | |
| 106 | @ar | |
| 200 | 1 | @a劳动教育理论与实践教程@Alao dong jiao yu li lun yu shi jian jiao cheng@e微课版@f刘培胜, 张世荃, 张志祥主编 |
| 210 | @a哈尔滨@c哈尔滨工程大学出版社@d2020.08 | |
| 215 | @a188页@c图@d26cm | |
| 300 | @a全国职业院校劳动教育创新型精品教材 | |
| 330 | @a本书以学生的成长规律和认知水平为基础,以培养学生的生存所依赖的劳动和职业素养为目标,以强化学生认知和提高技能为关键,以案例分析和课堂活动为载体,共由劳动认知、劳动实践、职业素养三个部分构成。 | |
| 606 | 0 | @a劳动教育@x职业大学@j教材 |
| 690 | @aG40-015@v5 | |
| 701 | 0 | @a刘培胜@Aliu pei sheng@4主编 |
| 701 | 0 | @a张世荃@Azhang shi quan@4主编 |
| 701 | 0 | @a张志祥@Azhang zhi xiang@4主编 |
| 801 | 0 | @aCN@bBJSZM@c20210402 |
| 905 | @b1278046-50@dG40-015@e1226@f5 | |
| 劳动教育理论与实践教程:微课版/刘培胜, 张世荃, 张志祥主编.-哈尔滨:哈尔滨工程大学出版社,2020.08 |
| 188页:图;26cm |
| 全国职业院校劳动教育创新型精品教材 |
| ISBN 978-7-5661-2710-5:CNY38.00 |
| 本书以学生的成长规律和认知水平为基础,以培养学生的生存所依赖的劳动和职业素养为目标,以强化学生认知和提高技能为关键,以案例分析和课堂活动为载体,共由劳动认知、劳动实践、职业素养三个部分构成。 |
| ● |
| 相关链接 |
|
|
|
|
正题名:劳动教育理论与实践教程
索取号:G40-015/1226
 
预约/预借
| 序号 | 登录号 | 条形码 | 馆藏地/架位号 | 状态 | 备注 |
| 1 | 1278046 | 212780463 | 第一样本阅览室/ [索取号:G40-015/1226] | 在馆 | |
| 2 | 1278047 | 212780472 | 教育系资料室/ [索取号:G40-015/1226] | 在馆 | |
| 3 | 1278048 | 212780481 | 教育系资料室/ [索取号:G40-015/1226] | 在馆 | |
| 4 | 1278049 | 212780490 | 第四借阅区/ [索取号:G40-015/1226] | 在馆 | |
| 5 | 1278050 | 212780506 | 第四借阅区/ [索取号:G40-015/1226] | 在馆 |